| 000 | 00349nam a2200133Ia 4500 | ||
|---|---|---|---|
| 008 | 240624s9999 xx 000 0 und d | ||
| 041 | _aeng | ||
| 082 | _a339 FAR | ||
| 100 | _aFARMER ROGER E A | ||
| 245 | _aMACROECONOMICS IN THE SMALL AND THE LARG | ||
| 260 |
_c2008 _aUK _bEdward Elgar |
||
| 300 | _axiii, : 192 : p. : cm. ; 23 | ||
| 365 |
_cBPS _b38 |
||
| 999 |
_c28310 _d28310 |
||